History General Knowledge - Statistics

General Stats
  • This quiz has been taken 292 times
  • The average score is 9 of 15
Answer Stats
Hintken Answer % Correct
Whose theses marked the start of the protestant reformation? Martin Luther
79%
Which venetian explorer famously brought back stories of the East? Marco Polo
76%
Who is said to have founded Rome? Romulus
76%
Who is said to have 'taken a stand by staying seated' and so sparked a US civil rights movement? Rosa Parks
74%
In what year did the United Nations first meet? 1946
68%
What river did Caesar cross which initiated the Roman civil war? Rubicon
68%
Which British king signed the Magna Carta? John
67%
Carthage was at one point the centre of an ancient civilization, what modern country is it based in? Tunisia
64%
Who did Claus von Stauffenberg attempt to assasinate? Hitler
63%
What is the name of the Greek kingdom that Alexander the great controlled? Macedon
57%
On what ship did Charles Darwin sail? HMS Beagle
50%
What was Mussolini's nickname? Il Duce
49%
Who is the only British primeminister to have a science degree? Margaret Thatcher
43%
Who was the last Anglo Saxon king, who died at the battle of hastings? Harold Godwinson
28%
What city in the US was used by thrill seekers to watch nuclear bomb tests? Las Vegas
28%
No matching quizzes found
Score Distribution
Percent of People with Each Score
Percentile by Number Answered
Your Score History
You have not taken this quiz